SAT Vocabulary Words Starting With H - Statistics

General Stats
  • This quiz has been taken 15,002 times
  • The average score is 12 of 15
Answer Stats
Question Answer % Correct
Heinous (adjective) Extremely evil
94%
Hyperbole (noun) Extreme exaggeration
93%
Hubris (noun) Excessive pride
88%
Hedonist (noun) One who pursues pleasure above all else
87%
Hearsay (noun) Information heard from another person, not witnessed directly
86%
Horticulture (noun) The science of cultivating plants
86%
Harbinger (noun) Something that foreshadows the coming of something else
83%
Heterogeneous (adjective) Composed of diverse parts
81%
Haughty (adjective) Expressing superiority and contempt
79%
Hovel (noun) A small dilapidated cottage or hut
75%
Harangue (verb) To criticize harshly and at length
74%
Horde (noun) A large group of nomadic people
69%
Histrionic (adjective) Excessively dramatic
58%
Halcyon (adjective) Serene and peaceful
53%
Hoary (adjective) White with age
48%
No matching quizzes found
Score Distribution
Percent of People with Each Score
Percentile by Number Answered
Your Score History
You have not taken this quiz